[Event "XV Asiad Men's Rapid"]
[Site "Doha QAT"]
[Date "2006.12.04"]
[Round "8"]
[White "Russell,MKA"]
[Black "Bakr,J"]
[Result "1-0"]
[WhiteElo "2234"]
[BlackElo "2360"]

1.d4 g6 2.Nf3 Bg7 3.c4 Nf6 4.Nc3 O-O 5.e4 d6 6.Be2 e5 7.O-O Nc6 8.d5 Ne7
9.b4 Nh5 10.Re1 a5 11.bxa5 Rxa5 12.Nd2 Nf4 13.Bf1 c5 14.a4 f5 15.Ra3 Kh8
16.Nb5 Ra6 17.Bb2 Ng8 18.g3 Nh5 19.Be2 Nhf6 20.Bf3 Bh6 21.Bg2 f4 22.Nf3 Bg4
23.Qa1 Nd7 24.h3 Bxf3 25.Bxf3 Bg7 26.Kg2 Ngf6 27.gxf4 exf4 28.Nxd6 Rxd6 29.e5 Rb6
30.exf6 Nxf6 31.Re6 Rb4 32.d6 Rxc4 33.Rd3 Rc2 34.d7 c4 35.Bxf6 Bxf6 36.Rxf6 Rxf6
37.Qxf6+ Qxf6 38.d8=Q+ Qxd8 39.Rd7  1-0

[Event "UTD GM Invitational"]
[Site "Dallas USA"]
[Date "2006.12.10"]
[Round "7"]
[White "Bartholomew,J"]
[Black "Kiewra,K"]
[Result "1-0"]
[WhiteElo "2411"]
[BlackElo "2264"]

1.Nf3 Nf6 2.c4 g6 3.Nc3 Bg7 4.e4 d6 5.d4 O-O 6.Be2 e5 7.O-O Nc6 8.d5 Ne7
9.b4 Nh5 10.Re1 f5 11.Ng5 Nf6 12.Bf3 c6 13.b5 h6 14.Ne6 Bxe6 15.dxe6 fxe4
16.Nxe4 Nxe4 17.Bxe4 d5 18.cxd5 cxd5 19.Ba3 dxe4 20.Qxd8 Rfxd8 21.Bxe7 Re8
22.Bc5 Rxe6 23.Be3 Rd6 24.Rec1 b6 25.a4 Bf8 26.Kf1 Rad8 27.Ke2 R8d7 28.Rc8 Kf7
29.Rac1 Be7 30.R1c6 Rd1 31.R8c7 h5 32.Rxa7 Rxa7 33.Kxd1 Rxa4 34.Rxb6 Rc4
35.Ra6 Bf8 36.h4 Rb4 37.Rb6 Rc4 38.Ra6 Rb4 39.b6 Bd6 40.Kc2 Ke6 41.Ra8 Rc4+
42.Kb3 Rb4+ 43.Kc3 Rb1 44.g3 Be7 45.Rg8 Kf7 46.Rc8 Ke6 47.Rc6+ Kf5 48.Kc2 Rb5
49.Rc3 Ke6 50.Rb3 Rxb3 51.Kxb3 Kd6 52.b7 Kc7 53.Kc4  1-0

[Event "22nd Voivoda Cup"]
[Site "Legnica POL"]
[Date "2006.12.11"]
[Round "5"]
[White "Schmidt,Wl"]
[Black "Cherednichenko,S"]
[Result "0-1"]
[WhiteElo "2435"]
[BlackElo "2273"]

1.d4 Nf6 2.c4 g6 3.Nc3 Bg7 4.e4 d6 5.Nf3 O-O 6.Be2 e5 7.O-O Nc6 8.d5 Ne7
9.b4 Nd7 10.Nd2 f5 11.c5 Nf6 12.f3 f4 13.Nc4 g5 14.a4 Rf7 15.Ba3 Bf8 16.b5 Ng6
17.b6 dxc5 18.bxc7 Rxc7 19.Nb5 Rg7 20.d6 Be6 21.Nc7 Rxc7 22.dxc7 Qxc7 23.Rb1 g4
24.fxg4 Nxe4 25.Qc2 Ng5 26.Bd3 Nh4 27.Rbe1 Bg7 28.Bb2 f3 29.g3 f2+ 30.Kxf2 Nhf3
31.h4 Nxe1 32.Kxe1 e4 33.Bxe4 Qxg3+ 34.Kd2 Bxb2 35.Nxb2 Rd8+ 36.Bd3 Ne4+
37.Kc1 Qe3+ 38.Kb1 Nd2+  0-1

[Event "13th Open A"]
[Site "Zadar CRO"]
[Date "2006.12.15"]
[Round "7"]
[White "Rezan,S"]
[Black "Zivkovic,Vj"]
[Result "1/2-1/2"]
[WhiteElo "2414"]
[BlackElo "2412"]

1.d4 Nf6 2.c4 g6 3.Nc3 Bg7 4.e4 d6 5.Nf3 O-O 6.Be2 e5 7.O-O Nc6 8.Be3 exd4
9.Nxd4 Re8 10.f3 Nh5 11.Qd2 Nf4 12.Rfd1 Nxd4 13.Bxd4 Bxd4+ 14.Qxd4 Nxe2+
15.Nxe2 b6 16.Rd2 Bb7 17.Nc3 Qg5 18.Re1 Re7 19.Rde2 Rae8 20.Qf2 Bc6 21.Qd4 Qf4
22.Qd3 Qg5 23.Qd4 Qf4 24.Qd3 Qg5  1/2-1/2

[Event "6th Amplico AIG Life"]
[Site "Warsaw POL"]
[Date "2006.12.16"]
[Round "3"]
[White "Cherednichenko,S"]
[Black "Socko,M"]
[Result "0-1"]
[WhiteElo "2273"]
[BlackElo "2473"]

1.d4 g6 2.c4 Bg7 3.Nf3 d6 4.Nc3 Nf6 5.e4 O-O 6.Be2 e5 7.O-O Nc6 8.d5 Ne7
9.Ne1 Nd7 10.Nd3 Kh8 11.Bd2 c5 12.a3 b6 13.b4 Ng8 14.Nb5 Qe7 15.bxc5 Nxc5
16.f3 f5 17.Nxc5 bxc5 18.Qc1 Nf6 19.Bg5 Qd7 20.Bd3 Nh5 21.exf5 gxf5 22.Bh6 Nf4
23.Bxf4 exf4 24.Qxf4 Be5 25.Qh4 a6 26.f4 Bg7 27.Nxd6 Qxd6 28.Rae1 Qf6 29.Qh3 Bd7
30.g4 Rae8 31.g5 Qd4+ 32.Kh1 Rxe1 33.Rxe1 Qxf4 34.g6 h6 35.Re7 Re8 36.Rxe8+ Bxe8
37.Bxf5 Qc1+ 38.Kg2 Qd2+ 39.Kf3 Bd4 40.Qg3 Qe3+ 41.Kg2 Qxg3+ 42.Kxg3 Kg7
43.Kf3 Bxg6 44.Bc8 a5 45.a4 Be8 46.d6 Bxa4 47.d7 Bf6 48.Ke4 Bc6+  0-1

[Event "Sub-Zt 2.3.4"]
[Site "Bogota COL"]
[Date "2006.12.22"]
[Round "8"]
[White "Ramirez,Ca COL"]
[Black "Pena,Alf"]
[Result "1/2-1/2"]
[WhiteElo "2273"]
[BlackElo "2274"]

1.d4 Nf6 2.c4 g6 3.Nc3 Bg7 4.e4 O-O 5.Be2 d6 6.Nf3 e5 7.O-O Nc6 8.d5 Ne7
9.b4 Nh5 10.Re1 a5 11.bxa5 Rxa5 12.a4 f5 13.Ra3 Nf6 14.Nd2 fxe4 15.Ndxe4 Bd7
16.Nxf6+ Bxf6 17.Ne4 Qa8 18.Nxf6+ Rxf6 19.f4 Bxa4 20.Qd3 Bc2 21.Qxc2 Rxa3
22.fxe5 dxe5 23.Bxa3 Qxa3 24.Bf3 Nf5 25.Qe4 Nd4 26.Be2 Qc5 27.Kh1 Nxe2 28.Qxe2 Qd4
29.h3 Rf2 30.Qe3 Qxe3 31.Rxe3 Rc2 32.Rxe5 Rxc4 33.Re7 b5 34.Rd7 b4 35.d6 cxd6
36.Rxd6 b3 37.Rd7  1/2-1/2

[Event "27th Open A"]
[Site "Bethune FRA"]
[Date "2006.12.27"]
[Round "3"]
[White "Vanderhallen,N"]
[Black "Bjornsson,Si"]
[Result "1-0"]
[WhiteElo "2175"]
[BlackElo "2335"]

1.d4 Nf6 2.c4 g6 3.Nc3 Bg7 4.e4 d6 5.Nf3 O-O 6.Be2 e5 7.O-O Nc6 8.d5 Ne7
9.b4 a5 10.Ba3 axb4 11.Bxb4 b6 12.a4 Re8 13.a5 c5 14.dxc6 Nxc6 15.Bxd6 Rxa5
16.Rxa5 bxa5 17.c5 Nd4 18.Nd2 Bb7 19.f3 Nh5 20.Bb5 Nxb5 21.Nxb5 Ba6 22.Nc7 Bxf1
23.Qxf1 Rf8 24.Nc4 Qd7 25.Nb6 Qd8 26.Nc4 Qg5 27.Nd5 Nf4 28.c6 Nxd5 29.exd5 Re8
30.c7 Qf4 31.Qd3 a4 32.g3 Qc1+ 33.Kg2 f5 34.Ba3 Qe1 35.d6 e4 36.fxe4 fxe4
37.Qf1  1-0

[Event "Australian Open"]
[Site "Tuggeranong AUS"]
[Date "2006.12.30"]
[Round "3"]
[White "Oliver,G"]
[Black "Stojic,S"]
[Result "0-1"]
[WhiteElo "2146"]
[BlackElo "1992"]

1.d4 Nf6 2.c4 g6 3.Nc3 Bg7 4.e4 d6 5.Be2 O-O 6.Nf3 e5 7.O-O Nc6 8.d5 Ne7
9.b4 a5 10.bxa5 Nd7 11.Nd2 Rxa5 12.Nb3 Ra8 13.Be3 f5 14.f3 f4 15.Bf2 g5 16.c5 Nf6
17.Nd2 h5 18.Nc4 Ne8 19.Rc1 Ng6 20.cxd6 Nxd6 21.Qb3 g4 22.Nxd6 cxd6 23.fxg4 hxg4
24.g3 f3 25.Bd3 Qg5 26.Rfd1 Nf4 27.Bf1 Qh5 28.Rc2 Rf6 29.Be3 Rh6 30.Rf2 Rh7
31.Qb6 Bd7 32.Rdd2 Ng2 33.Rxg2 fxg2 34.Rxg2 Bh6 35.Nb5 Bxb5 36.Bxb5 Bxe3+
37.Qxe3 Rc8 38.Rf2 Rf8 39.Rc2 Rf3 40.Qb6 Rxg3+ 41.Kh1 Rf7 42.Qd8+ Kg7 43.Rc8 Rh3
44.Qg8+ Kh6 45.Qh8+ Kg5 46.Qxh5+ Rxh5 47.Rg8+ Kf4 48.Be8 Rfh7 49.Bxh5 Rxh5
50.Kg2 Rh3 51.Rg6 Ra3 52.Rxd6 Rxa2+ 53.Kg1 b5 54.Rb6 Kf3 55.Rf6+ Kxe4 56.d6 Rd2
57.Kf1 b4 58.Ke1 Rd4 59.Kf2 b3 60.d7 Rxd7 61.Rb6 Rh7 62.Rb4+ Kf5 63.Rxb3 Rxh2+
64.Kf1 Kf4 65.Rb4+ e4 66.Rb3 g3 67.Ra3 Rd2 68.Rb3 Rd3 69.Rb7 Rd1+ 70.Kg2 Rd2+
71.Kg1 Rf2 72.Rf7+ Ke3 73.Rb7 Kf3 74.Rf7+ Ke2 75.Rg7 Kf3 76.Rf7+ Ke3 77.Rg7 g2
78.Rb7 Rd2 79.Rb3+ Kf4 80.Rb7 e3 81.Rf7+ Ke4 82.Re7+ Kd3 83.Rg7 Kc2 84.Rc7+ Kd1
85.Ra7 e2 86.Ra1+ Kc2 87.Kf2 e1=Q+  0-1

[Event "Australian Open"]
[Site "Tuggeranong AUS"]
[Date "2007.01.02"]
[Round "5"]
[White "Oliver,G"]
[Black "Guo Yuthok,S"]
[Result "1-0"]
[WhiteElo "2146"]
[BlackElo "1893"]

1.d4 Nf6 2.c4 g6 3.Nc3 Bg7 4.e4 d6 5.Be2 O-O 6.Nf3 e5 7.O-O Nc6 8.d5 Ne7
9.b4 Nh5 10.Re1 f5 11.Ng5 Nf6 12.f3 c6 13.Qb3 h6 14.Ne6 Bxe6 15.dxe6 Qc7
16.Be3 Rfd8 17.Rad1 Kh8 18.Rd2 Qc8 19.Red1 Qxe6 20.Bc5 Ne8 21.b5 Bf8 22.Ba3 Rab8
23.c5 Qxb3 24.axb3 d5 25.exd5 cxd5 26.Nxd5 Nxd5 27.Rxd5 Rxd5 28.Rxd5 Bg7
29.Bc4 e4 30.fxe4 Nf6 31.c6 bxc6 32.bxc6 Nxd5 33.exd5 Bd4+ 34.Kf1 Bb6 35.d6 Rc8
36.Bb2+ Kh7 37.Bd5 g5 38.Be5 Re8 39.c7  1-0

[Event "Australian Open"]
[Site "Tuggeranong AUS"]
[Date "2007.01.03"]
[Round "6"]
[White "Smirnov,Vl1"]
[Black "Suttor,V"]
[Result "1/2-1/2"]
[WhiteElo "2281"]
[BlackElo "2128"]

1.d4 Nf6 2.c4 g6 3.Nc3 Bg7 4.Nf3 d6 5.e4 O-O 6.Be2 e5 7.O-O Nc6 8.d5 Ne7
9.b4 Nh5 10.Re1 f5 11.Ng5 Nf6 12.Bf3 c6 13.Be3 h6 14.Ne6 Bxe6 15.dxe6 fxe4
16.Nxe4 Nxe4 17.Bxe4 d5 18.cxd5 cxd5 19.Bc5 dxe4 20.Qxd8 Rfxd8 21.Bxe7 Re8
22.Bc5 Rxe6 23.Red1 b6 24.Be3 Bf8 25.b5 a6 26.a4 axb5 27.axb5 Rxa1 28.Rxa1 Bb4
29.Bxh6 Rd6 30.g4 Rd5 31.Ra7 Rxb5 32.Rg7+ Kh8 33.Rxg6 Bc5 34.Be3 Rb1+ 35.Kg2 Rb2
36.Kg3 Bd4 37.Rd6 Rb3 38.Kh4 Rd3 39.Bxd4 exd4 40.Kg5 Kg7 41.h4 Rd2 42.h5 Rxf2
43.Rxd4 e3 44.Re4 Rf3 45.h6+ Kf7 46.Re5 b5 47.Rxb5 e2 48.Re5 Rf2 49.Re4 Rh2
50.Re3 Rf2 51.h7 Rh2 52.Rxe2 Rxh7 53.Kf5 Rh6 54.Ra2 Rb6 55.Ra7+ Kg8 56.Ra5 Kg7
57.g5 Rc6 58.Ra7+ Kg8 59.Kg4 Rc4+ 60.Kh5 Rc6 61.Ra5 Kg7 62.Ra7+ Kg8 63.Rb7 Ra6
64.g6 Ra1 65.Rb8+  1/2-1/2

[Event "Open"]
[Site "Verona ITA"]
[Date "2007.01.04"]
[Round "2"]
[White "Cardili,M"]
[Black "Cazzaniga,W"]
[Result "1/2-1/2"]
[WhiteElo "2079"]
[BlackElo "2157"]

1.d4 Nf6 2.c4 g6 3.Nc3 Bg7 4.e4 d6 5.Nf3 O-O 6.Be2 e5 7.O-O Nc6 8.d5 Ne7
9.Ne1 Nd7 10.Nd3 f5 11.Bd2 Nf6 12.f3 Kh8 13.c5 Neg8 14.cxd6 cxd6 15.Rc1 Bh6
16.Nf2 Bxd2 17.Qxd2 a6 18.a4 f4 19.b4 g5 20.a5 Bd7 21.Qd1 b5 22.axb6 Qxb6
23.Rb1 Rfc8 24.Rb3 Bb5 25.Nxb5 axb5 26.Qd3 Rc4 27.Qd2 Rd4 28.Rd3 Rc4 29.Rb3 Rd4
30.Rd3 Rc4 31.Rb3  1/2-1/2

[Event "13th Festival A"]
[Site "Zupanja CRO"]
[Date "2007.01.08"]
[Round "8"]
[White "Saric,A"]
[Black "Zivkovic,Vj"]
[Result "1/2-1/2"]
[WhiteElo "2501"]
[BlackElo "2441"]

1.d4 Nf6 2.c4 g6 3.Nc3 Bg7 4.e4 d6 5.Nf3 O-O 6.Be2 e5 7.O-O Nc6 8.d5 Ne7
9.Ne1 Nd7 10.Nd3 f5 11.Bd2 Kh8 12.Kh1 Nf6 13.f3 f4 14.c5  1/2-1/2

[Event "Petrovskaya Ladya Open"]
[Site "Peterhof RUS"]
[Date "2007.01.11"]
[Round "9"]
[White "Fedoseev,S"]
[Black "Gantsevich,A"]
[Result "1-0"]
[WhiteElo "2243"]
[BlackElo "1990"]

1.Nf3 Nf6 2.c4 g6 3.Nc3 Bg7 4.e4 d6 5.d4 O-O 6.Be2 e5 7.O-O Nc6 8.d5 Ne7
9.Ne1 Nd7 10.Be3 f5 11.f3 f4 12.Bf2 b6 13.b4 g5 14.Nd3 Nf6 15.c5 h5 16.a4 g4
17.Kh1 gxf3 18.gxf3 Bh3 19.Rg1 Kh8 20.cxd6 cxd6 21.a5 Rc8 22.Qb3 Rg8 23.axb6 axb6
24.Bh4 Kh7 25.Nf2 Bd7 26.Nb5 Bxb5 27.Bxb5 Ng6 28.Nh3 Bh6 29.Ra7+ Rg7 30.Ng5+ Bxg5
31.Rxg7+ Kxg7 32.Bxg5 Qc7 33.Bc6 Kf7 34.Qa2 Ne7 35.Bxf6 Kxf6 36.Qf2 Rh8 37.Qh4+ Kf7
38.Qg5 Rh7 39.Ra1 Rh8 40.b5 h4 41.h3 Qc8 42.Kh2 Qg8 43.Qg4 Qg6 44.Ra7 Rg8
45.Bd7 Qxg4 46.hxg4 Rb8 47.Be6+ Kf6 48.g5+ Kxg5 49.Rxe7 Ra8 50.Rb7 Ra2+ 51.Kh3 Rf2
52.Bg4 Rf1 53.Rxb6 Rh1+ 54.Kg2 Rb1 55.Rb8 Rb2+ 56.Kh3 Rb1 57.b6 Kf6 58.b7  1-0

[Event "ch-CUB Open"]
[Site "Santa Clara CUB"]
[Date "2007.01.11"]
[Round "2"]
[White "Hernandez,Hold"]
[Black "Espinosa,E"]
[Result "1/2-1/2"]
[WhiteElo "2543"]
[BlackElo "2363"]

1.Nf3 Nf6 2.c4 g6 3.Nc3 Bg7 4.e4 d6 5.d4 O-O 6.Be2 e5 7.O-O Nc6 8.d5 Ne7
9.b4 Nh5 10.Re1 f5 11.Ng5 Nf6 12.Bf3 Rb8 13.b5 h6 14.Ne6 Bxe6 15.dxe6 Qc8
16.Nd5 Qxe6 17.Nxc7 Qxc4 18.Qxd6 fxe4 19.Bd1 Nf5 20.Qe6+ Qxe6 21.Nxe6 Rfe8
22.Bb3 Kh7 23.Bb2 Nd4 24.Nxd4 exd4 25.Bxd4 Nh5 26.Bxa7 Ra8 27.Bb6 Bxa1 28.Rxa1 Nf4
29.Rd1 Nd3 30.f3 Rac8 31.Be3 Rcd8 32.Bc2 exf3 33.Bxd3 Rxe3 34.Bxg6+ Kxg6
35.Rxd8 fxg2 36.Rd2 Re1+ 37.Kxg2 Rb1 38.a4 Rb4 39.Rd7 Rxa4 40.Rxb7 Rb4 41.b6 Rb3
42.Rb8 Kh5  1/2-1/2

[Event "Open A"]
[Site "Prague CZE"]
[Date "2007.01.12"]
[Round "2"]
[White "Polak,B"]
[Black "Baryshpolets,A"]
[Result "1/2-1/2"]
[WhiteElo "2088"]
[BlackElo "2264"]

1.Nf3 Nf6 2.c4 g6 3.Nc3 Bg7 4.e4 d6 5.d4 O-O 6.Be2 e5 7.O-O Nc6 8.d5 Ne7
9.b4 a5 10.Ba3 Nd7 11.bxa5 Rxa5 12.Bb4 Ra8 13.a4 Bh6 14.Nd2 f5 15.Nb3 b6
16.a5 Nc5 17.axb6 Rxa1 18.Nxa1 cxb6 19.Nc2 Kh8 20.Na3 Ng8 21.Bxc5 bxc5 22.Nab5 Nf6
23.Bd3 Nh5 24.exf5 Nf4 25.f6 Bf5 26.Ne4  1/2-1/2

[Event "TCh-NOR 2006-7"]
[Site "Oslo NOR"]
[Date "2007.01.13"]
[Round "5"]
[White "Tallaksen,G"]
[Black "Harestad,H"]
[Result "0-1"]
[WhiteElo "2414"]
[BlackElo "2236"]

1.d4 Nf6 2.c4 g6 3.Nc3 Bg7 4.e4 d6 5.Nf3 O-O 6.Be2 e5 7.O-O Nc6 8.d5 Ne7
9.Ne1 Nd7 10.Be3 f5 11.f3 f4 12.Bf2 g5 13.Rc1 Ng6 14.c5 Nxc5 15.b4 Na6 16.Nd3 Rf7
17.Nb5 h5 18.Nxa7 Bd7 19.b5 Nc5 20.Nxc5 dxc5 21.Bxc5 b6 22.Nc6 Qf6 23.Bf2 Bf8
24.a4 Rg7 25.a5 bxa5 26.Ra1 a4 27.Na7 Bd6 28.Rxa4 g4 29.fxg4 Qg5 30.h3 Nh4
31.Ra6 Rf8 32.Bxh4 Qxh4 33.Qe1 Qg5 34.Qf2 hxg4 35.Bxg4 Bxg4 36.hxg4 Qxg4
37.Ra2 Rf6 38.Rc2 Rh6 39.Qf3 Qh4 40.Nc8 Rg3  0-1

[Event "ch-CUB Open"]
[Site "Santa Clara CUB"]
[Date "2007.01.13"]
[Round "4"]
[White "Hernandez,Hold"]
[Black "Martinez,Lel"]
[Result "1-0"]
[WhiteElo "2543"]
[BlackElo "2397"]

1.Nf3 Nf6 2.c4 g6 3.Nc3 Bg7 4.e4 d6 5.d4 O-O 6.Be2 e5 7.O-O Nc6 8.d5 Ne7
9.b4 Nh5 10.Re1 a5 11.bxa5 f5 12.Nd2 Nf4 13.Bf1 Rxa5 14.a4 c5 15.Ra3 g5 16.g3 Nfg6
17.Nb3 Ra8 18.Bxg5 h6 19.Bxe7 Qxe7 20.exf5 Bxf5 21.Nd2 e4 22.Ncxe4 Rae8 23.f4 Bd4+
24.Kh1 Kh8 25.Bg2 Rf7 26.Qh5 Qf8 27.Bh3 Bxh3 28.Qxh3 Rfe7 29.Rf3 Rf7 30.Rff1 Rh7
31.Qh5  1-0

[Event "zt 3.3"]
[Site "Phu Quoc VIE"]
[Date "2007.01.17"]
[Round "8"]
[White "Ngo Ngoc Quang"]
[Black "Lo Kin Mun,D"]
[Result "1-0"]
[WhiteElo "2284"]
[BlackElo "2048"]

1.d4 Nf6 2.c4 g6 3.Nf3 Bg7 4.Nc3 O-O 5.e4 d6 6.Be2 e5 7.O-O Nc6 8.d5 Ne7
9.b4 a5 10.Rb1 Ne8 11.a3 f5 12.Re1 Nf6 13.Bd3 f4 14.c5 Bh6 15.cxd6 cxd6 16.bxa5 g5
17.Nd2 Rf7 18.Nc4 Ng6 19.Nb5 Bf8 20.Nb6 Rxa5 21.Nxc8 Qxc8 22.Bd2 Ra6 23.Rc1 Qd8
24.Qc2 Ra8 25.Bb4 f3 26.g3 Qd7 27.Bf1 Rg7 28.Re3 Nh4 29.Qd3 Qg4 30.Bxd6 Bxd6
31.Nxd6 Qh5 32.Ree1 Rd8 33.Nc4 Ng6 34.Rc3 Rf8 35.d6 Nf4 36.Qxf3 Ng4 37.Qh1 Nxf2
38.Kxf2 Nd3+ 39.Ke3 Nxe1 40.Be2 g4 41.Qxe1 Rgf7 42.h4 b5 43.Nb6 Qg6 44.Nd5 Kh8
45.Rc7 Qxd6 46.Qb4 Qa6 47.Rxf7 Rxf7 48.Qc3 Kg8 49.Bxg4 Qa7+ 50.Kd3 Qf2 51.Qxe5 Qf1+
52.Be2 Qb1+ 53.Kd2 Qa2+ 54.Ke1 Qxa3 55.Nf6+ Kg7 56.Nd5+ Kg8 57.Qc3 Qa2 58.Nf6+ Kg7
59.e5 Qb1+ 60.Kf2 Qf5+ 61.Kg2 b4 62.Qd4 Qc2 63.Qg4+ Qg6 64.Qxg6+ Kxg6 65.Bh5+ Kg7  1-0

[Event "zt 3.3"]
[Site "Phu Quoc VIE"]
[Date "2007.01.17"]
[Round "8"]
[White "Batchuluun,C"]
[Black "Nguyen Van Huy"]
[Result "1-0"]
[WhiteElo "2412"]
[BlackElo "2345"]

1.d4 Nf6 2.c4 g6 3.Nc3 Bg7 4.e4 d6 5.Nf3 O-O 6.Be2 e5 7.O-O Nc6 8.d5 Ne7
9.Ne1 Nd7 10.Nd3 f5 11.Bd2 Nf6 12.f3 f4 13.c5 g5 14.Rc1 Ng6 15.cxd6 cxd6
16.Nf2 h5 17.h3 Rf7 18.Qb3 Bf8 19.Nb5 Rg7 20.Rc2 Nh4 21.Rfc1 g4 22.hxg4 hxg4
23.fxg4 Bxg4 24.Bxg4 Nxg4 25.Nxg4 Rxg4 26.Be1 Qg5 27.Qh3 Re8 28.Nc7 Re7 29.Ne6 Qh5
30.Bxh4 Rxh4 31.Qf3 Bh6 32.Rc8+ Kf7 33.Qxh5+ Rxh5 34.R1c7 b5 35.Rxe7+ Kxe7
36.Rc7+ Kf6 37.Rd7 f3 38.gxf3 Bc1 39.b3 Rh8 40.Rxd6 Ke7 41.Rc6 Be3+ 42.Kg2 Rg8+
43.Kh3 Rg1 44.Rc2 Kf6 45.Rg2 Rh1+ 46.Kg4 Rh8 47.f4 exf4 48.Nxf4 Rh1 49.Kf3 Bb6
50.Rg6+ Ke5 51.Re6+ Kd4 52.d6 Rh8 53.d7  1-0

[Event "ch-Kyiv"]
[Site "Kyiv UKR"]
[Date "2007.01.22"]
[Round "3"]
[White "Burdalev,K"]
[Black "Kruglyakov,P"]
[Result "1/2-1/2"]
[WhiteElo "2182"]
[BlackElo "2289"]

1.Nf3 Nf6 2.c4 g6 3.Nc3 Bg7 4.e4 d6 5.d4 O-O 6.Be2 e5 7.O-O Nc6 8.d5 Ne7
9.b4 a5 10.Ba3 axb4 11.Bxb4 Nd7 12.a4 h6 13.Nd2 f5 14.Nb3 fxe4 15.Nxe4 Nf6
16.Bd3 Kh7 17.Re1 Nf5 18.Bc3 c5 19.Nxf6+ Qxf6 20.Nd2 Nh4 21.Ne4 Qf7 22.Rf1 Ra6
23.Rb1 Qd7 24.a5 Rf4 25.f3 Rf8 26.Qd2 Qd8 27.Rb2 Nf5 28.Rfb1 Kh8 29.Rb6 h5
30.Rxa6 bxa6 31.Qc1 h4 32.Bd2 h3 33.Qe1 hxg2 34.Bg5 Qd7 35.Kxg2 Kg8 36.Nf2 Bf6
37.Bxf6 Rxf6 38.Ng4 Rf8 39.Bxf5 gxf5 40.Ne3 f4 41.Ng4 Qg7 42.h3 Bf5 43.Rb3 e4
44.fxe4 Bxg4 45.hxg4 Qxg4+ 46.Kh2 Kf7 47.Rb7+ Kg6 48.Qc3 Qh4+ 49.Qh3 Qxh3+
50.Kxh3 f3 51.Rb1 Kf6 52.Kg3 Ke5 53.Kf2 Kxe4 54.Rb6 Kd4 55.Rxa6 Kxc4 56.Rxd6 Kd4
57.Re6 Kxd5 58.Re3 Kc6 59.a6 Kb6 60.Re6+ Ka7 61.Rc6 Rf5 62.Re6 c4 63.Rc6 Rf4
64.Rd6 Kb8 65.Rc6 Ka7  1/2-1/2

[Event "Open"]
[Site "Marianske Lazne CZE"]
[Date "2007.01.23"]
[Round "4"]
[White "Zapletal,J"]
[Black "Valenta,V jr"]
[Result "0-1"]
[WhiteElo "2127"]
[BlackElo "2244"]

1.Nf3 Nf6 2.c4 d6 3.d4 g6 4.Nc3 Bg7 5.e4 O-O 6.Be2 e5 7.O-O Nc6 8.d5 Nb8
9.Bg5 h6 10.Bd2 Na6 11.Ne1 Nc5 12.f3 a5 13.b3 Nh5 14.g3 Nf6 15.Be3 Nfd7 16.Qc2 Nb6
17.Ng2 f5 18.a3 a4 19.b4 Nb3 20.Rad1 Bd7 21.c5 Nc8 22.Kh1 Qe8 23.Bc4 Nd4
24.Bxd4 exd4 25.Ne2 b5 26.Ba2 fxe4 27.fxe4 Bg4 28.Rxf8+ Qxf8 29.Rc1 Ne7 30.Ng1 Re8
31.Qd3 Qf2 32.Rc2 Qf6 33.Qxb5 Rf8 34.cxd6 cxd6 35.Bc4 d3 36.Bxd3 Qa1 37.e5 Bxe5
38.Qc4 Bf5 39.Bxf5 Nxf5 40.Ra2 Qd1 41.Qe2 Qxd5 42.Rd2 Nd4 43.Qg4 Kg7 44.h4 h5
45.Qg5 Qe6 46.Nf4 Bxf4 47.gxf4 Qe4+ 48.Rg2 Rxf4  0-1

[Event "ch-Kyiv"]
[Site "Kyiv UKR"]
[Date "2007.01.25"]
[Round "6"]
[White "Sidorchuk,D"]
[Black "Moliboga,V"]
[Result "1/2-1/2"]
[WhiteElo "2220"]
[BlackElo "2277"]

1.d4 Nf6 2.c4 g6 3.Nc3 Bg7 4.e4 d6 5.Nf3 O-O 6.Be2 e5 7.O-O Nc6 8.d5 Ne7
9.b4 a5 10.Ba3 axb4 11.Bxb4 Nd7 12.a4 Kh8 13.a5 Ng8 14.Nd2 f5 15.Nb3 Ngf6
16.c5 Qe7 17.cxd6 cxd6 18.Bf3 Ne8 19.Re1 Ndf6 20.Nd2 fxe4 21.Ndxe4 Nxe4 22.Nxe4 Bf5
23.Ra3 Bxe4 24.Bxe4 Nc7 25.Rh3 Kg8 26.Qd3 Na6 27.Ba3 Rac8 28.Qd2 Rc4 29.Rb3 Nc5
30.Bxc5 Rxc5 31.Reb1 Qh4 32.f3 Bh6 33.Qe2 Rfc8 34.g3 Qh3 35.Re1 Rc1 36.Rb1 R1c3
37.a6 Be3+ 38.Kh1 bxa6 39.Qxa6 Bf2 40.Qf1 Qxf1+ 41.Rxf1 Bd4 42.h4 R8c7 43.Kg2 Ra7
44.h5 Kg7 45.hxg6 hxg6 46.Rb8 Kf6 47.Rh1 Rcc7 48.Rh6 Rg7 49.f4 exf4 50.gxf4 Ra2+
51.Kg3 Ra3+ 52.Kg4 Bf2 53.Bf3 Ra1 54.Be4 Ra3 55.Bf3 Ra1 56.Bg2 Rg1 57.Kf3 Bc5
58.Re8 Re7 59.Rxe7 Kxe7 60.Rxg6 Kf7 61.Rh6 Kg7 62.Re6 Rd1 63.Ke2 Rd4 64.Be4 Ra4
65.Kf3 Ra7 66.Kg4 Rf7 67.Rg6+ Kf8 68.Rh6 Be3 69.Bf5 Bd4 70.Rxd6 Kg7 71.Rg6+ Kf8
72.Rh6 Rf6 73.Rh3 Ke7 74.Rd3 Bc5 75.Kg5 Rf8 76.Be6 Bd6 77.Rd4 Rb8 78.Re4 Rb4
79.Re1 Bxf4+ 80.Kg6 Kd6 81.Ra1 Rd4 82.Kf5 Bh2 83.Ra6+ Kc5 84.Rc6+ Kb4 85.Kf6 Bg3
86.Rc2 Bf4 87.Rg2 Kc3 88.Rg4  1/2-1/2

[Event "Zima Rating Tournament"]
[Site "St Petersburg RUS"]
[Date "2007.01.30"]
[Round "2"]
[White "Skrjabin,I"]
[Black "Fedoseev,S"]
[Result "0-1"]
[WhiteElo "2083"]
[BlackElo "2243"]

1.d4 Nf6 2.Nf3 g6 3.c4 Bg7 4.Nc3 O-O 5.e4 d6 6.Be2 e5 7.O-O Nc6 8.d5 Ne7
9.Ne1 Nd7 10.Be3 f5 11.f3 f4 12.Bf2 h5 13.Nd3 g5 14.c5 Nf6 15.Rc1 g4 16.Kh1 Ng6
17.b4 Rf7 18.a4 Bf8 19.a5 Rg7 20.Re1 Nh8 21.Bf1 g3 22.Bg1 Ng4 23.fxg4 hxg4
24.Nxe5 dxe5 25.d6 Be6 26.dxc7 Qxc7 27.c6 gxh2 28.Bf2  0-1

[Event "Open"]
[Site "Moscow RUS"]
[Date "2007.02.04"]
[Round "9"]
[White "Askarov,M"]
[Black "Fedorov,Alex"]
[Result "1-0"]
[WhiteElo "2487"]
[BlackElo "2624"]

1.d4 Nf6 2.c4 g6 3.Nc3 Bg7 4.Nf3 d6 5.e4 O-O 6.Be2 e5 7.O-O Nc6 8.d5 Ne7
9.b4 Nh5 10.Re1 a5 11.bxa5 Rxa5 12.Nd2 Nf4 13.Bf1 Ra8 14.a4 Nh5 15.Be2 Nf6
16.Nb3 c5 17.dxc6 bxc6 18.a5 c5 19.Nb5 Ra6 20.Qd3 Bb7 21.f3 Qb8 22.Bg5 h6
23.Be3 Rd8 24.Qd2 Kh7 25.Nc3 Nc6 26.Nd5 Nd7 27.Reb1 Qc8 28.Ra2 Nd4 29.Rab2 Bc6
30.Bd3 Ra7 31.Qe1 Qa6 32.Bd2 Bxd5 33.exd5 e4 34.fxe4 Rb8 35.Qd1 Rab7 36.Be1 Ne5
37.Bf1 f5 38.Bc3 fxe4 39.Nxd4 Rxb2 40.Bxb2 cxd4 41.Bxd4 Nf3+ 42.gxf3 Bxd4+
43.Kh1 Rxb1 44.Qxb1 Qxa5 45.Qxe4 Be5 46.Bd3 Kh8 47.f4 Qa1+ 48.Kg2 Qb2+ 49.Kh3 Bf6
50.Qxg6 Be5  1-0

[Event "ch-St Petersburg sf"]
[Site "St Petersburg RUS"]
[Date "2007.02.18"]
[Round "9"]
[White "Kryschilovskij,A"]
[Black "Fedoseev,Vl3"]
[Result "1-0"]
[WhiteElo "2339"]
[BlackElo "2166"]

1.d4 Nf6 2.c4 g6 3.Nc3 Bg7 4.e4 d6 5.Nf3 O-O 6.Be2 e5 7.O-O Nc6 8.d5 Ne7
9.Nd2 a5 10.Rb1 Nd7 11.a3 f5 12.b4 axb4 13.axb4 f4 14.Bg4 Nf6 15.Bxc8 Qxc8
16.c5 g5 17.Nc4 Qd8 18.f3 Nc8 19.Ba3 Nd7 20.Qb3 Kh8 21.Na5 Nxc5 22.bxc5 Rxa5
23.Bb4 Ra6 24.h3 b6 25.cxd6 Nxd6 26.Nb5 Rf7 27.Bxd6 cxd6 28.Rfc1 Bf8 29.Rc3 h5
30.Rbc1 Ra8 31.Nc7 Rb8 32.Ne6 Qf6 33.Qb5 Kh7 34.Rc7 Be7 35.Rc8 Rxc8 36.Rxc8 Bf8
37.Qe8 Kg8 38.Nd8 Re7 39.Qxh5 Rh7 40.Qg4 Be7 41.Ne6+ Kf7 42.Nxg5+ Kg7 43.Nxh7+ Kxh7
44.Qh5+ Qh6 45.Rh8+  1-0

[Event "OCF Winter NAO FIDE Op"]
[Site "Stillwater USA"]
[Date "2007.02.18"]
[Round "4"]
[White "Sobel,S"]
[Black "Zenyuk,I"]
[Result "1/2-1/2"]
[WhiteElo "2017"]
[BlackElo "2176"]

1.d4 Nf6 2.c4 g6 3.Nc3 Bg7 4.e4 d6 5.Nf3 O-O 6.Be2 e5 7.O-O Nc6 8.d5 Ne7
9.Ne1 Nd7 10.Nd3 f5 11.Bd2 Nf6 12.f3 f4 13.c5 g5 14.Rc1 Ng6 15.cxd6 cxd6
16.Nb5 Rf7 17.Qc2 Ne8 18.a4 h5 19.Nf2 Bf8 20.Nxa7 Rc7 21.Ba5 Rxc2 22.Bxd8 Rxe2
23.Nxc8 Rxb2 24.Rc4 Bh6 25.a5 Kf7 26.Bb6  1/2-1/2

[Event "4th ch-Mediterranean"]
[Site "Cannes FRA"]
[Date "2007.02.21"]
[Round "5"]
[White "Van Hoolandt,P"]
[Black "Cabrera Trujillo,J"]
[Result "0-1"]
[WhiteElo "2257"]
[BlackElo "2279"]

1.d4 Nf6 2.c4 g6 3.Nc3 Bg7 4.e4 d6 5.Nf3 O-O 6.Be2 e5 7.O-O Nc6 8.d5 Ne7
9.Ne1 Nd7 10.f3 f5 11.g4 Kh8 12.Kg2 Ng8 13.g5 f4 14.h4 h6 15.Rh1 Rf7 16.Nd3 Bf8
17.Qg1 Rh7 18.Kf1 Be7 19.Nxf4 exf4 20.Bxf4 Rf7 21.Be3 h5 22.Ke1 Ne5 23.Qg3 Bf8
24.Nb5 Bg7 25.Nxa7 Rxa7 26.Bxa7 b6 27.a4 c5 28.f4 Ng4 29.Bb8 Bd4 30.Rf1 Ne3
31.f5 Nxf1 32.Qxd6 Qxd6 33.Bxd6 Ne3 34.Kd2 Bxf5 35.exf5 Nxf5 36.Bb8 Nxh4
37.a5 Rb7 38.a6 Rxb8 39.a7 Ra8 40.d6 Bxb2 41.Ra2 Be5 42.d7 Bf4+ 43.Kc2 Bxg5
44.Bd3 Nf6 45.d8=Q+ Rxd8 46.a8=Q Rxa8 47.Rxa8+ Kg7 48.Ra7+ Kh6 49.Rb7 Nf3
50.Bf1 Ng4 51.Bh3 Ng1 52.Bxg4 hxg4 53.Kd1 Be3 54.Ke1 Nf3+ 55.Ke2 Bd4 56.Rxb6 Ne5  0-1

[Event "4th ch-Mediterranean"]
[Site "Cannes FRA"]
[Date "2007.02.25"]
[Round "9"]
[White "Khairallah,F"]
[Black "Calistri,T"]
[Result "0-1"]
[WhiteElo "2293"]
[BlackElo "2381"]

1.d4 Nf6 2.c4 g6 3.Nc3 Bg7 4.e4 d6 5.Nf3 O-O 6.Be2 e5 7.O-O Nc6 8.d5 Ne7
9.Ne1 Nd7 10.f3 f5 11.g4 Kh8 12.Kg2 Ng8 13.g5 f4 14.h4 Rf7 15.Rh1 Bf8 16.Nd3 h6
17.Qg1 Rh7 18.Kf1 Be7 19.Nxf4 exf4 20.Bxf4 Rf7 21.Be3 Ne5 22.Kg2 h5 23.Qd1 Bf8
24.Qd2 a6 25.a4 Qe8 26.f4 Ng4 27.Bg1 Bg7 28.Rf1 Ne7 29.Rh3 Bd7 30.a5 c6 31.Rd3 cxd5
32.cxd5 Rc8 33.Rdf3 Qf8 34.Bd3 Kg8 35.Qe1 Bxc3 36.bxc3 Bb5 37.Bxb5 axb5 38.Qb1 Rc4
39.Qd3 Qc8 40.Rb1 b4 41.Bd4 bxc3 42.Bxc3 Rxf4 43.Rxf4 Rxc3 44.Qd4 Rc4 45.Qb6 Nxd5
46.Qxd6 Nxf4+ 47.Qxf4 Rc2+ 48.Kg3 Qc3+ 49.Qf3 Qe5+  0-1

[Event "2nd Trophee Universitaire"]
[Site "La Roche sur Yon FRA"]
[Date "2007.02.27"]
[Round "2"]
[White "Pelletier,Y"]
[Black "Libiszewski,F"]
[Result "1-0"]
[WhiteElo "2589"]
[BlackElo "2469"]

1.d4 Nf6 2.c4 g6 3.Nc3 Bg7 4.e4 d6 5.Nf3 O-O 6.Be2 e5 7.O-O Nc6 8.d5 Ne7
9.b4 Nh5 10.Re1 a5 11.Ba3 Nf4 12.c5 f5 13.Nd2 Kh8 14.bxa5 Ng8 15.Bf1 Nh6
16.cxd6 cxd6 17.Nc4 Qg5 18.Re3 Ng4 19.Rg3 Qh4 20.Rxg4 Nh3+ 21.gxh3 fxg4 22.Bxd6 Qxf2+
23.Kh1 Rf3 24.Qe2 Qd4 25.Bb4 Rf2 26.Qd3 gxh3 27.Qxd4 exd4 28.Nb5 d3 29.e5 Bg4
30.Kg1 Rc2 31.Nba3  1-0